Cathédrales et églises de France en images - Clic quiz - #4 - Statistiques

Statistiques générales
  • Ce quiz a été pris 82 fois
  • Le résultat moyen est 5 sur 8
Statistiques - réponses
Hint Réponse % Correct
Ajaccio
97%
Marseille
81%
Amiens
68%
Béziers
63%
Auch
48%
Saint-Lô
47%
Rennes
44%
Poitiers
37%
Aucun quiz correspondant
Distribution des résultats
% des personnes avec chaque résultat
Percentile par nombre de réponses
Votre historique - résultats
Vous n’avez pas pris ce quiz